<?xml version="1.0" encoding="UTF-8"?>
<record
    xmlns:xsi="http://www.w3.org/2001/XMLSchema-instance"
    xsi:schemaLocation="http://www.loc.gov/MARC21/slim http://www.loc.gov/standards/marcxml/schema/MARC21slim.xsd"
    xmlns="http://www.loc.gov/MARC21/slim">

  <leader>03585nam a2200433 a 4500</leader>
  <controlfield tag="003">CHAP</controlfield>
  <controlfield tag="005">20240830140345.0</controlfield>
  <controlfield tag="007">cr ||||||a|c|a</controlfield>
  <controlfield tag="008">101025s2010    mx      r     00010 spa d</controlfield>
  <datafield tag="035" ind1=" " ind2=" ">
    <subfield code="a">111206</subfield>
  </datafield>
  <datafield tag="040" ind1=" " ind2=" ">
    <subfield code="c">CHAP</subfield>
  </datafield>
  <datafield tag="090" ind1=" " ind2=" ">
    <subfield code="a">Tesis</subfield>
  </datafield>
  <datafield tag="100" ind1="0" ind2="0">
    <subfield code="a">Sol&#xED;s Mendoza, Floriberto.</subfield>
    <subfield code="9">108449</subfield>
  </datafield>
  <datafield tag="245" ind1="1" ind2="0">
    <subfield code="a">Detoxificaci&#xF3;n con Kombucha de calabacita (Curcurbita pepo L.) cultivada en sustrato contaminado con plomo</subfield>
    <subfield code="c">/por Floriberto Sol&#xED;s Mendoza; director Jaime Sahag&#xFA;n Castellanos</subfield>
  </datafield>
  <datafield tag="264" ind1=" " ind2=" ">
    <subfield code="a">Chapingo, M&#xE9;x. :</subfield>
    <subfield code="b">El autor,</subfield>
    <subfield code="c">2010.</subfield>
  </datafield>
  <datafield tag="300" ind1=" " ind2=" ">
    <subfield code="a">1 recurso en l&#xED;nea (79 p&#xE1;ginas):</subfield>
    <subfield code="b">Cuadros, figuras</subfield>
  </datafield>
  <datafield tag="336" ind1=" " ind2=" ">
    <subfield code="2">rdacontent</subfield>
    <subfield code="a">texto</subfield>
    <subfield code="b">txt</subfield>
  </datafield>
  <datafield tag="337" ind1=" " ind2=" ">
    <subfield code="2">rdamedia</subfield>
    <subfield code="a">computadora</subfield>
    <subfield code="b">c</subfield>
  </datafield>
  <datafield tag="338" ind1=" " ind2=" ">
    <subfield code="2">rdacarrier</subfield>
    <subfield code="a">recursos en linea</subfield>
    <subfield code="b">cr</subfield>
  </datafield>
  <datafield tag="502" ind1=" " ind2=" ">
    <subfield code="b">DCH</subfield>
    <subfield code="c">Fitotecnia</subfield>
    <subfield code="d">2010</subfield>
    <subfield code="g">DOC</subfield>
  </datafield>
  <datafield tag="520" ind1=" " ind2=" ">
    <subfield code="a">Se evaluaron cuatro niveles de plomo (Pb(NO3)2): 0 (suelo agr&#xED;cola), 65 300 y 1000 mg&#xB7;kg-1 del mismo suelo (experimento 1) y los mismos tres niveles de plomo en dosis &#xFA;nica combinados con tres niveles de t&#xE9; de Kombucha (experimento 2; factorial 4x3): 0, 20 y 100 %, (65 mL semanales de la soluci&#xF3;n por maceta, adicionales al riego); para estudiar el efecto de la contaminaci&#xF3;n con plomo sobre el crecimiento y la productividad de calabacita cv &#x201C;Termo&#x201D; (h&#xED;brido experimental) y su acumulaci&#xF3;n en tejido; as&#xED; como analizar la detoxificaci&#xF3;n del plomo en el cultivo, con t&#xE9; de Kombucha aplicado semanalmente a la ra&#xED;z hasta la madurez. El experimento se estableci&#xF3; en bloques completos al azar con seis repeticiones. La unidad experimental fue una maceta de 5.67 litros llenada con suelo agr&#xED;cola, con dos plantas. La mayor acumulaci&#xF3;n de biomasa en tallo y ra&#xED;z se produjo con la dosis: Pb (NO3)2 300 mg.kg-1 de suelo, y en fruto con 65 mg.kg-1; en tanto que la cantidad de clorofila (unidades SPAD), biomasa de flor y total, no resultaron afectadas con ninguna de las concentraciones ensayadas. De las estructuras comestibles, la flor present&#xF3; mayor acumulaci&#xF3;n que el fruto, incluso a bajas dosis de plomo. Todas las concentraciones de plomo ensayadas redujeron significativamente la altura de planta y el tama&#xF1;o de limbo. En contraste, con Pb(NO3)2 65 mg&#xB7;kg-1 de suelo, el peso fresco y seco del fruto y de la semilla, as&#xED; como el di&#xE1;metro y longitud del fruto fueron mayores. La mayor acumulaci&#xF3;n de plomo (1000 mg&#xB7;kg-1) se encontr&#xF3; en la pulpa del fruto. El t&#xE9; de Kombucha aplicado al suelo (20%), increment&#xF3; la altura de planta, pero siempre redujo el peso, el di&#xE1;metro y la longitud del fruto, y el n&#xFA;mero y el peso fresco de semillas. Todas las concentraciones ensayadas de t&#xE9; redujeron significativamente (P&#x2264;0.05) la acumulaci&#xF3;n de plomo en pulpa de fruto y en semillas, con una detoxificaci&#xF3;n de 16.9 a 18.6 % para pulpa y de 38.3 a 40.4 % para semilla.</subfield>
  </datafield>
  <datafield tag="590" ind1=" " ind2=" ">
    <subfield code="a">ALEPH</subfield>
    <subfield code="b">10</subfield>
    <subfield code="c">20130110</subfield>
  </datafield>
  <datafield tag="590" ind1=" " ind2=" ">
    <subfield code="a">BATCH-UPD</subfield>
    <subfield code="b">10</subfield>
    <subfield code="c">20130110</subfield>
  </datafield>
  <datafield tag="590" ind1=" " ind2=" ">
    <subfield code="a">BATCH-UPD</subfield>
    <subfield code="b">10</subfield>
    <subfield code="c">20130410</subfield>
  </datafield>
  <datafield tag="590" ind1=" " ind2=" ">
    <subfield code="a">BATCH-UPD</subfield>
    <subfield code="b">10</subfield>
    <subfield code="c">20130914</subfield>
  </datafield>
  <datafield tag="590" ind1=" " ind2=" ">
    <subfield code="a">BATCH-UPD</subfield>
    <subfield code="b">10</subfield>
    <subfield code="c">20140324</subfield>
  </datafield>
  <datafield tag="590" ind1=" " ind2=" ">
    <subfield code="a">BATCH-UPD</subfield>
    <subfield code="b">10</subfield>
    <subfield code="c">20141002</subfield>
  </datafield>
  <datafield tag="590" ind1=" " ind2=" ">
    <subfield code="a">CONVERSION</subfield>
    <subfield code="b">10</subfield>
    <subfield code="c">20130109</subfield>
  </datafield>
  <datafield tag="650" ind1="0" ind2="4">
    <subfield code="a">Calabaza</subfield>
    <subfield code="x">Enfermedades.</subfield>
    <subfield code="9">17269</subfield>
  </datafield>
  <datafield tag="650" ind1="0" ind2="4">
    <subfield code="a">Cultivos</subfield>
    <subfield code="x">Contaminaci&#xF3;n.</subfield>
    <subfield code="9">30244</subfield>
  </datafield>
  <datafield tag="700" ind1="0" ind2=" ">
    <subfield code="a">Sahag&#xFA;n Castellanos, Jaime</subfield>
    <subfield code="9">101191</subfield>
    <subfield code="e">Director</subfield>
  </datafield>
  <datafield tag="856" ind1=" " ind2=" ">
    <subfield code="u">http://10.13.5.2/tesis/111206.pdf</subfield>
    <subfield code="z">DESCARGAR PDF</subfield>
  </datafield>
  <datafield tag="901" ind1=" " ind2=" ">
    <subfield code="a">BK</subfield>
  </datafield>
  <datafield tag="942" ind1=" " ind2=" ">
    <subfield code="c">TD</subfield>
    <subfield code="2">Clasificaci&#xF3;n Universidad Aut&#xF3;noma Chapingo</subfield>
  </datafield>
  <datafield tag="949" ind1=" " ind2=" ">
    <subfield code="b">BC</subfield>
    <subfield code="c">TES</subfield>
    <subfield code="d">33724002219736</subfield>
    <subfield code="e">TS1</subfield>
    <subfield code="g">Donaci&#xD8;n</subfield>
    <subfield code="h">51281</subfield>
    <subfield code="i">111206</subfield>
    <subfield code="s">b</subfield>
  </datafield>
  <datafield tag="949" ind1=" " ind2=" ">
    <subfield code="b">BC</subfield>
    <subfield code="c">TES</subfield>
    <subfield code="d">33724002219777</subfield>
    <subfield code="e">TS2</subfield>
    <subfield code="f">c.2</subfield>
    <subfield code="g">Donaci&#xD8;n</subfield>
    <subfield code="h">51282</subfield>
    <subfield code="i">111206</subfield>
    <subfield code="s">b</subfield>
  </datafield>
  <datafield tag="999" ind1=" " ind2=" ">
    <subfield code="c">99548</subfield>
    <subfield code="d">99548</subfield>
  </datafield>
  <datafield tag="952" ind1=" " ind2=" ">
    <subfield code="0">0</subfield>
    <subfield code="1">0</subfield>
    <subfield code="2">local</subfield>
    <subfield code="4">0</subfield>
    <subfield code="5">1</subfield>
    <subfield code="7">0</subfield>
    <subfield code="8">TesdigD</subfield>
    <subfield code="a">BD</subfield>
    <subfield code="b">BD</subfield>
    <subfield code="c">E_L</subfield>
    <subfield code="d">2019-12-31</subfield>
    <subfield code="e">Donacion</subfield>
    <subfield code="f">TESIS</subfield>
    <subfield code="l">0</subfield>
    <subfield code="o">Tesis digital</subfield>
    <subfield code="r">2019-12-31 00:00:00</subfield>
    <subfield code="w">2024-08-27</subfield>
    <subfield code="y">TD</subfield>
  </datafield>
</record>
